[Event "IND-ch U17 Girls"]
[Site "Saravanampatty"]
[Date "2017.10.28"]
[Round "7"]
[White "Benasir, M."]
[Black "Rajashree, Rajeev"]
[Result "0-1"]
[WhiteElo "1499"]
[BlackElo "1676"]
[PlyCount "102"]
[EventDate "2017.10.24"]
[EventType "swiss"]
[EventRounds "11"]
[EventCountry "IND"]
[SourceTitle "CBM 181 Extra"]
[Source "ChessBase"]
[SourceDate "2017.12.12"]
[SourceVersion "1"]
[SourceVersionDate "2017.12.12"]
[SourceQuality "1"]

1. d4 Nf6 2. c4 e6 3. Nc3 Bb4 4. e3 0-0 5. Bd3 c5 6. Nf3 d5 7. 0-0 cxd4 8. exd4 dxc4 9. Bxc4 b6 10. a3 Be7 11. Bf4 Bb7 12. Ne5 Nc6 13. Nb5 a6 14. Nxc6 Bxc6 15. Nc3 Qd7 16. Rc1 Bxg2 17. Kxg2 Qc6+ 18. f3 Qxc4 19. b3 Qc6 20. Na4 Qb5 21. b4 Nd5 22. Bd2 Qd3 23. Rc6 Qxd4 24. Bc1 Qxd1 25. Rxd1 Rac8 26. Rxc8 Rxc8 27. Kg3 Bd6+ 28. Kg2 Rc2+ 29. Kf1 h6 30. h3 b5 31. Nb2 Rh2 32. Bd2 Rxh3 33. Ke2 Bh2 34. Kf1 Be5 35. Nd3 Bd4 36. f4 Be3 37. Ke1 Bxd2+ 38. Rxd2 Rh1+ 39. Ke2 Ra1 40. Rc2 Rxa3 41. Rc8+ Kh7 42. Ra8 Ra4 43. Kf3 Nxb4 44. Nxb4 Rxb4 45. Rxa6 Kg6 46. Ra7 Rb1 47. Ra2 b4 48. Rg2+ Kf6 49. Ke3 Rb3+ 50. Kd4 g6 51. Rf2 Kf5 0-1

[Event "IND-ch U17 Girls"]
[Site "Saravanampatty"]
[Date "2017.10.25"]
[Round "3"]
[White "Jyothsna, L."]
[Black "Rajashree, Rajeev"]
[Result "1-0"]
[WhiteElo "2121"]
[BlackElo "1676"]
[PlyCount "113"]
[EventDate "2017.10.24"]
[EventType "swiss"]
[EventRounds "11"]
[EventCountry "IND"]
[SourceTitle "CBM 181 Extra"]
[Source "ChessBase"]
[SourceDate "2017.12.12"]
[SourceVersion "1"]
[SourceVersionDate "2017.12.12"]
[SourceQuality "1"]

1. d4 Nf6 2. c4 e6 3. Nc3 Bb4 4. e3 0-0 5. Nf3 c5 6. Bd2 d5 7. cxd5 cxd4 8. Nxd4 Nxd5 9. Qb3 Nc6 10. Nxc6 bxc6 11. 0-0-0 Qb6 12. Kc2 Rb8 13. a3 Ba5 14. Qxb6 Bxb6 15. Na4 f5 16. Bc4 Kf7 17. Rhe1 Bc7 18. Nc5 Bd6 19. Nd3 Nf6 20. Ba5 Re8 21. Nb4 Bxb4 22. Bxb4 Bb7 23. Bc5 a6 24. f3 Rbd8 25. Bb6 Rb8 26. Rd2 Nd5 27. Bc5 Kg6 28. e4 Nf6 29. Rd6 fxe4 30. fxe4 e5 31. Rd3 h5 32. Rb3 Ba8 33. Rg3+ Kh6 34. Bxa6 Rbd8 35. Bc4 Rd7 36. a4 Red8 37. Be6 Rb7 38. Bf5 g5 39. Rxg5 Rg8 40. Rxg8 Nxg8 41. Rd1 Rb8 42. Be3+ Kg7 43. Rd7+ Kf8 44. Bc5+ Ke8 45. Rg7 Nf6 46. Bg6+ Kd8 47. Be7+ Kc7 48. Bxf6+ Kb6 49. Bxe5 Rf8 50. Bc7+ Ka6 51. Bf5 c5 52. Rg6+ Kb7 53. Bd6 Re8 54. Bxc5 Re5 55. b4 h4 56. Rg7+ Kb8 57. Ba7# 1-0